• AIU
  • Tony Wilmot Memorial Library

A short history of the Hebrews from Moses to Herod the Great, (Record no. 53353)

MARC details
000 -LEADER
fixed length control field 00892cam a22002771 4500
001 - CONTROL NUMBER
control field 10331073
005 - DATE AND TIME OF LATEST TRANSACTION
control field 20120210141714.0
008 - FIXED-LENGTH DATA ELEMENTS--GENERAL INFORMATION
fixed length control field 740116s1964 xx 000 0 eng
010 ## - LIBRARY OF CONGRESS CONTROL NUMBER
LC control number 65000232
015 ## - NATIONAL BIBLIOGRAPHY NUMBER
National bibliography number GB64-18632
035 ## - SYSTEM CONTROL NUMBER
System control number (OCoLC)777164
040 ## - CATALOGING SOURCE
Original cataloging agency DLC
Transcribing agency MSohG
Modifying agency Uk
-- DLC
042 ## - AUTHENTICATION CODE
Authentication code premarc
050 00 - LIBRARY OF CONGRESS CALL NUMBER
Classification number DS118
Item number .R3 1964
082 ## - DEWEY DECIMAL CLASSIFICATION NUMBER
Classification number 933
100 1# - MAIN ENTRY--PERSONAL NAME
Personal name Rattey, Beatrice Katherine.
9 (RLIN) 12273
245 12 - TITLE STATEMENT
Title A short history of the Hebrews from Moses to Herod the Great,
Statement of responsibility, etc by B.K. Rattey. With A Foreword by Lilian K. Barrie.
250 ## - EDITION STATEMENT
Edition statement 2d ed.
260 ## - PUBLICATION, DISTRIBUTION, ETC. (IMPRINT)
Place of publication, distribution, etc [London]
Name of publisher, distributor, etc Oxford University Press,
Date of publication, distribution, etc 1964.
300 ## - PHYSICAL DESCRIPTION
Extent 160 p.
Other physical details illus., maps.
Dimensions 21 cm.
504 ## - BIBLIOGRAPHY, ETC. NOTE
Bibliography, etc Bibliography: p. [158]
630 00 - SUBJECT ADDED ENTRY--UNIFORM TITLE
Uniform title Bible.
Name of part/section of a work O.T.
General subdivision History of Biblical events.
650 #0 - SUBJECT ADDED ENTRY--TOPICAL TERM
Topical term or geographic name as entry element Jews
General subdivision History
Chronological subdivision To 70 A.D.
9 (RLIN) 148
906 ## - LOCAL DATA ELEMENT F, LDF (RLIN)
a 7
b cbc
c oclcrpl
d u
e ncip
f 19
g y-gencatlg
942 ## - ADDED ENTRY ELEMENTS (KOHA)
Source of classification or shelving scheme Library of Congress Classification
Item type Books
Holdings
Withdrawn status Lost status Source of classification or shelving scheme Damaged status Not for loan Collection code Home library Current library Shelving location Date acquired Cost, normal purchase price Total Checkouts Full call number Barcode Date last seen Copy number Price effective from Koha item type
    Library of Congress Classification     General Circulation AIU/NEGST - Tony Wilmot Memorial Library AIU/NEGST - Tony Wilmot Memorial Library General Stacks 02/10/2012 7.95   DS 118.R3 1931 R52379N3232 09/02/2019 1 02/10/2012 Books